01607nam0a22002651 4500001001100000005001700011035002600028100004100054101000800095102000700103105001800110200038500128210003200513215002600545225009400571300022800665320003300893517007400926701011501000701014401115701002501259801001801284801002201302852001701324rc\238335220250623005933.0 a(NLR Aleph) 006501866 a20110829d1979 |||y0rusy50 ca0 arus aRU ay z |||||1 aФормирование области главного максимума дневной ионосферы Венеры по результатам двухчастотного радиопросвечиванияe[На англ. яз.]eXXII конф. КОСПАР, ИндияfА.Л. Гаврик, Г.С. Иванов-Холодный, А.В. Михайлов и др. aМоскваcБ. и.d1979 a23 с.cграф.d211 aАН СССР. Институт радиотехники и электроникиv7.1.4 aОбл. на англ. яз. с загл.: The main maximum region formation in the day-time Venusian ionosphere. The results of dual-frequency occultation experiments. A.L. Gavrik, G.S. Ivanov Kholodny, A.V. Mikhailov ets. aБиблиогр.: с. 22-230 aThe main maximum region formation in the day-time Venusian ionosphere 17ca8rusaИванов-ХолодныйbГ. С.f1928-2016gГор Семенович3RU\NLR\AUTH\770230012 1aМихайловbА. В.cд-р физ.-мат. наук, геофизикаgАндрей Валерьевич3RU\NLR\AUTH\770230083 1aГаврикbА.Л. 0aRUbNLRgpsbo 1aRUbELAR2rusmarc aNLRj80-4/47